export_success — 

Emergency Cardiology.

Bibliographic Details
Main Author: Ratib, Karim.
Other Authors: Bhatia, Gurbir., Uren, Neal., Nolan, James.
Format: eBook
Language:English
Published: Milton : Taylor & Francis Group, 2011.
Edition:2nd ed.
Subjects:
Online Access:Click to View
LEADER 01973nam a22004093i 4500
001 EBC7244773
003 MiAaPQ
005 20231204023228.0
006 m o d |
007 cr cnu||||||||
008 231204s2011 xx o ||||0 eng d
020 |a 9781444128451  |q (electronic bk.) 
020 |z 9781138422575 
035 |a (MiAaPQ)EBC7244773 
035 |a (Au-PeEL)EBL7244773 
035 |a (OCoLC)1378936868 
040 |a MiAaPQ  |b eng  |e rda  |e pn  |c MiAaPQ  |d MiAaPQ 
082 0 |a 616.12025 
100 1 |a Ratib, Karim. 
245 1 0 |a Emergency Cardiology. 
250 |a 2nd ed. 
264 1 |a Milton :  |b Taylor & Francis Group,  |c 2011. 
264 4 |c Ã2011. 
300 |a 1 online resource (289 pages) 
336 |a text  |b txt  |2 rdacontent 
337 |a computer  |b c  |2 rdamedia 
338 |a online resource  |b cr  |2 rdacarrier 
505 0 |a Cover -- Half Title -- Title Page -- Copyright Page -- Table of Contents -- Abbreviations -- Chapter 1 Acute Coronary Syndromes -- Chapter 2 Resuscitation -- Chapter 3 Arrhythmias -- Chapter 4 Hypertensive Emergencies -- Chapter 5 Acute Aortic Syndromes -- Chapter 6 Acute Pulmonary Embolism -- Chapter 7 Infective Endocarditis -- Chapter 8 Drug-related Cardiac Problems -- Chapter 9 Pericarditis -- Chapter 10 Cardiac Trauma -- Chapter 11 Cardiac Tamponade -- Appendices -- Index. 
588 |a Description based on publisher supplied metadata and other sources. 
590 |a Electronic reproduction. Ann Arbor, Michigan : ProQuest Ebook Central, 2023. Available via World Wide Web. Access may be limited to ProQuest Ebook Central affiliated libraries.  
655 4 |a Electronic books. 
700 1 |a Bhatia, Gurbir. 
700 1 |a Uren, Neal. 
700 1 |a Nolan, James. 
776 0 8 |i Print version:  |a Ratib, Karim  |t Emergency Cardiology  |d Milton : Taylor & Francis Group,c2011  |z 9781138422575 
797 2 |a ProQuest (Firm) 
856 4 0 |u https://ebookcentral.proquest.com/lib/matrademy/detail.action?docID=7244773  |z Click to View